00467 2200193 4500001002100000005001500021008004100036020002200077035001900099041000700118082001000125090001600135100001700151245002200168250001000190260002800200300002400228650002100252INLIS00000000002472420241224131757241224||||||||| | ||| |||| || |  a978-602-366-058-2 0010-1224024724 aid0 a741.5 a741.5 NAB s0 aNabila Anwar00aSst, Ayo Sembunyi aCet.2 aSolobTiga Anandac2019 a36 hlm.; ilus 20 cm 0acerita bergambar